[Event "GBR-ch111 Major Open"]
[Site "Liverpool"]
[Date "2025.08.10"]
[Round "9.31"]
[White "Ruane, Brendan J"]
[Black "Buckland, Louis"]
[Result "0-1"]
[WhiteElo "1848"]
[BlackElo "1961"]
[PlyCount "43"]
[EventDate "2025.08.02"]
[EventType "swiss"]
[EventRounds "9"]
[EventCountry "GBR"]
[SourceTitle "BritBase"]
[Source "John Saunders"]
[SourceDate "2025.08.11"]
[SourceVersion "1"]
[SourceVersionDate "2025.08.11"]
[SourceQuality "1"]

1. e4 c6 2. d3 d5 3. Nd2 Qc7 4. Ngf3 Bg4 5. Be2 Nd7 6. h3 Bh5 7. Nh4 Bxe2 8. Qxe2 Ngf6 9. d4 dxe4 10. Nxe4 Nxe4 11. Qxe4 Nf6 12. Qe2 e6 13. O-O Be7 14. Re1 O-O 15. Nf5 Bb4 16. c3 exf5 17. cxb4 Rfe8 18. Qf1 Rxe1 19. Qxe1 Re8 20. Qd1 Qd6 21. a3 Re4 22. Qf3 0-1

[Event "GBR-ch111 Major Open"]
[Site "Liverpool"]
[Date "2025.08.10"]
[Round "9.32"]
[White "Gorskovs, Andrejs"]
[Black "Ashworth, Robert M"]
[Result "1-0"]
[WhiteElo "1844"]
[BlackElo "1951"]
[PlyCount "81"]
[EventDate "2025.08.02"]
[EventType "swiss"]
[EventRounds "9"]
[EventCountry "GBR"]
[SourceTitle "BritBase"]
[Source "John Saunders"]
[SourceDate "2025.08.11"]
[SourceVersion "1"]
[SourceVersionDate "2025.08.11"]
[SourceQuality "1"]

1. e4 e5 2. Nf3 Nc6 3. Bb5 a6 4. Ba4 Nf6 5. O-O b5 6. Bb3 Be7 7. d4 d6 8. c3 O-O 9. h3 exd4 10. cxd4 d5 11. e5 Ne4 12. Nc3 Nxc3 13. bxc3 Bf5 14. Ne1 b4 15. Bb2 Na5 16. Nd3 bxc3 17. Bxc3 Nxb3 18. axb3 Qd7 19. b4 Qb5 20. Nc5 Bxc5 21. Ra5 Qd7 22. dxc5 Rfe8 23. Qd4 Qe6 24. Kh2 h5 25. Rfa1 c6 26. Rxa6 Rxa6 27. Rxa6 Rb8 28. Qd1 Qh6 29. Qd2 Qg6 30. Qf4 Bd3 31. e6 Rb7 32. Rxc6 fxe6 33. Rc8+ Kh7 34. Qf8 Qe4 35. f3 Qe3 36. c6 Ra7 37. Re8 Bf5 38. Qxf5+ exf5 39. Rxe3 Rc7 40. b5 Kg6 41. Be5 1-0

[Event "GBR-ch111 Major Open"]
[Site "Liverpool"]
[Date "2025.08.10"]
[Round "9.33"]
[White "Sheikh, Anum"]
[Black "Savage, Andrew"]
[Result "0-1"]
[WhiteElo "1842"]
[BlackElo "1950"]
[PlyCount "40"]
[EventDate "2025.08.02"]
[EventType "swiss"]
[EventRounds "9"]
[EventCountry "GBR"]
[SourceTitle "BritBase"]
[Source "John Saunders"]
[SourceDate "2025.08.11"]
[SourceVersion "1"]
[SourceVersionDate "2025.08.11"]
[SourceQuality "1"]

1. e4 c5 2. Nf3 Nc6 3. d4 cxd4 4. Nxd4 e6 5. Nc3 a6 6. Be2 Nf6 7. O-O d6 8. Be3 Be7 9. f4 O-O 10. Bf3 Qc7 11. Qe1 Bd7 12. g4 Nxd4 13. Bxd4 e5 14. fxe5 dxe5 15. Be3 Bxg4 16. Bxg4 Nxg4 17. Nd5 Qd6 18. Rd1 Qe6 19. Nc7 Qg6 20. Kh1 Qxe4+ 0-1

[Event "GBR-ch111 Major Open"]
[Site "Liverpool"]
[Date "2025.08.10"]
[Round "9.34"]
[White "Hanlon, Shay"]
[Black "McDonagh, Michael"]
[Result "0-1"]
[WhiteElo "1809"]
[BlackElo "1947"]
[PlyCount "116"]
[EventDate "2025.08.02"]
[EventType "swiss"]
[EventRounds "9"]
[EventCountry "GBR"]
[SourceTitle "BritBase"]
[Source "John Saunders"]
[SourceDate "2025.08.11"]
[SourceVersion "1"]
[SourceVersionDate "2025.08.11"]
[SourceQuality "1"]

1. e4 a6 2. d4 b5 3. Nf3 Bb7 4. Bd3 e6 5. O-O c5 6. c3 Nf6 7. Qe2 Be7 8. Re1 d6 9. Nbd2 Nbd7 10. Nf1 c4 11. Bc2 e5 12. Ng3 O-O 13. h4 g6 14. Bg5 Re8 15. Rad1 Qc7 16. Nh2 Bf8 17. Ng4 Nxg4 18. Qxg4 h5 19. Qe2 Bg7 20. Qd2 Nf6 21. dxe5 dxe5 22. Qd6 Qxd6 23. Rxd6 Nh7 24. Be3 Rad8 25. Red1 Rxd6 26. Rxd6 Nf8 27. Nf1 Ne6 28. Nd2 Bf8 29. Rd7 Bc8 30. Ra7 Bc5 31. Bxc5 Nxc5 32. Rc7 Ne6 33. Rc6 Rd8 34. Nf3 f6 35. Kf1 Kf7 36. b3 Bb7 37. Rb6 Nc5 38. b4 Bxe4 39. bxc5 Bxc2 40. Rxa6 Rc8 41. Ne1 Be4 42. f3 Bc6 43. Nc2 Bd7 44. Rd6 Be6 45. Kf2 Rxc5 46. Nb4 Ke7 47. Rb6 Bd5 48. Kg3 Kf7 49. Na6 Rc6 50. Rxb5 Rxa6 51. Rxd5 Ra3 52. Rc5 Rxc3 53. a4 Ke6 54. Rc8 Kd5 55. a5 Ra3 56. Rd8+ Kc5 57. Rc8+ Kb5 58. Rg8 c3 0-1

[Event "GBR-ch111 Major Open"]
[Site "Liverpool"]
[Date "2025.08.10"]
[Round "9.35"]
[White "McCarthy, Damian M"]
[Black "Munshi, Aryan"]
[Result "1/2-1/2"]
[WhiteElo "1924"]
[BlackElo "1841"]
[PlyCount "28"]
[EventDate "2025.08.02"]
[EventType "swiss"]
[EventRounds "9"]
[EventCountry "GBR"]
[SourceTitle "BritBase"]
[Source "John Saunders"]
[SourceDate "2025.08.11"]
[SourceVersion "1"]
[SourceVersionDate "2025.08.11"]
[SourceQuality "1"]

1. e4 e5 2. Nf3 Nc6 3. Bc4 Bc5 4. c3 Nf6 5. d3 a6 6. Bb3 d6 7. h3 Ba7 8. Nbd2 O-O 9. Nf1 h6 10. Ng3 Ne7 11. O-O Ng6 12. Be3 Re8 13. Nh2 Be6 14. Bc2 d5 1/2-1/2

[Event "GBR-ch111 Major Open"]
[Site "Liverpool"]
[Date "2025.08.10"]
[Round "9.36"]
[White "Ding, Yicheng"]
[Black "Chapman, Luke"]
[Result "1/2-1/2"]
[WhiteElo "1793"]
[BlackElo "1921"]
[PlyCount "34"]
[EventDate "2025.08.02"]
[EventType "swiss"]
[EventRounds "9"]
[EventCountry "GBR"]
[SourceTitle "BritBase"]
[Source "John Saunders"]
[SourceDate "2025.08.11"]
[SourceVersion "1"]
[SourceVersionDate "2025.08.11"]
[SourceQuality "1"]

1. d4 Nf6 2. c4 e6 3. Nf3 d5 4. cxd5 exd5 5. Nc3 Bb4 6. Bg5 h6 7. Bh4 Nbd7 8. e3 g5 9. Bg3 Ne4 10. Qb3 Bxc3+ 11. bxc3 c6 12. Bd3 Ndf6 13. O-O g4 14. Ne5 Nd2 15. Qc2 Nxf1 16. Rxf1 Qe7 17. Bh4 Rf8 1/2-1/2

[Event "GBR-ch111 Major Open"]
[Site "Liverpool"]
[Date "2025.08.10"]
[Round "9.37"]
[White "Shivakumar, Akshath"]
[Black "Nus, Jonah Bram Erik"]
[Result "1-0"]
[WhiteElo "1901"]
[BlackElo "1724"]
[PlyCount "55"]
[EventDate "2025.08.02"]
[EventType "swiss"]
[EventRounds "9"]
[EventCountry "GBR"]
[SourceTitle "BritBase"]
[Source "John Saunders"]
[SourceDate "2025.08.11"]
[SourceVersion "1"]
[SourceVersionDate "2025.08.11"]
[SourceQuality "1"]

1. d4 d5 2. c4 e6 3. Nc3 Be7 4. cxd5 exd5 5. Bf4 c6 6. e3 Nf6 7. Bd3 Nbd7 8. Nge2 Nh5 9. O-O O-O 10. Qc2 g6 11. Rab1 Nxf4 12. Nxf4 Re8 13. b4 a6 14. Nce2 Nf8 15. a4 Qd6 16. Nc1 Be6 17. Nb3 b6 18. a5 b5 19. Nc5 Nd7 20. Ncxe6 fxe6 21. Bxg6 hxg6 22. Qxg6+ Kh8 23. Qf7 Nf8 24. Nh5 Qxh2+ 25. Kxh2 Bd6+ 26. f4 Re7 27. Qf6+ Kg8 28. Rf3 1-0

[Event "GBR-ch111 Major Open"]
[Site "Liverpool"]
[Date "2025.08.10"]
[Round "9.38"]
[White "Kendall, Arthur"]
[Black "Williams, John P"]
[Result "1/2-1/2"]
[WhiteElo "1826"]
[BlackElo "2027"]
[PlyCount "57"]
[EventDate "2025.08.02"]
[EventType "swiss"]
[EventRounds "9"]
[EventCountry "GBR"]
[SourceTitle "BritBase"]
[Source "John Saunders"]
[SourceDate "2025.08.11"]
[SourceVersion "1"]
[SourceVersionDate "2025.08.11"]
[SourceQuality "1"]

1. d4 c5 2. e3 Nf6 3. Nf3 g6 4. Be2 Bg7 5. O-O O-O 6. dxc5 Qa5 7. a3 Qxc5 8. b4 Qc7 9. Bb2 b6 10. c4 Bb7 11. Nbd2 d6 12. Rc1 Nbd7 13. Qb3 Rac8 14. Rfd1 Qb8 15. Nd4 d5 16. cxd5 Bxd5 17. Bc4 Qb7 18. Bxd5 Nxd5 19. N2f3 Rfd8 20. h3 a6 21. Ne2 Rxc1 22. Rxc1 N7f6 23. Be5 e6 24. Qc4 b5 25. Qc6 Qa8 26. Qxa8 Rxa8 27. Nfd4 Ne4 28. Bxg7 Kxg7 29. Nb3 1/2-1/2

[Event "GBR-ch111 Major Open"]
[Site "Liverpool"]
[Date "2025.08.10"]
[Round "9.39"]
[White "Gadzhiev, Farid"]
[Black "Mize, Dylan"]
[Result "1/2-1/2"]
[WhiteElo "1978"]
[BlackElo "1791"]
[PlyCount "27"]
[EventDate "2025.08.02"]
[EventType "swiss"]
[EventRounds "9"]
[EventCountry "GBR"]
[SourceTitle "BritBase"]
[Source "John Saunders"]
[SourceDate "2025.08.11"]
[SourceVersion "1"]
[SourceVersionDate "2025.08.11"]
[SourceQuality "1"]

1. e4 g6 2. d4 Bg7 3. Nc3 c6 4. Nf3 d5 5. h3 dxe4 6. Nxe4 Nf6 7. Nxf6+ exf6 8. Be2 O-O 9. O-O Re8 10. c4 Qc7 11. Be3 a5 12. Rc1 f5 13. Qd2 Nd7 14. Rfd1 1/2-1/2

[Event "GBR-ch111 Major Open"]
[Site "Liverpool"]
[Date "2025.08.10"]
[Round "9.40"]
[White "Mortazavi, Sami"]
[Black "Vaddhireddy, Sai"]
[Result "1/2-1/2"]
[WhiteElo "1805"]
[BlackElo "1972"]
[PlyCount "25"]
[EventDate "2025.08.02"]
[EventType "swiss"]
[EventRounds "9"]
[EventCountry "GBR"]
[SourceTitle "BritBase"]
[Source "John Saunders"]
[SourceDate "2025.08.11"]
[SourceVersion "1"]
[SourceVersionDate "2025.08.11"]
[SourceQuality "1"]

1. e4 c6 2. d4 d5 3. e5 c5 4. dxc5 e6 5. Qh5 Bxc5 6. Bd3 g6 7. Qh3 Qb6 8. Qg3 Nc6 9. Nf3 Nge7 10. c3 Nf5 11. Bxf5 exf5 12. b4 Be7 13. a4 1/2-1/2

[Event "GBR-ch111 Major Open"]
[Site "Liverpool"]
[Date "2025.08.10"]
[Round "9.41"]
[White "Islam, Mohammed"]
[Black "Skettos, Nicolas"]
[Result "0-1"]
[WhiteElo "1803"]
[BlackElo "1968"]
[PlyCount "106"]
[EventDate "2025.08.02"]
[EventType "swiss"]
[EventRounds "9"]
[EventCountry "GBR"]
[SourceTitle "BritBase"]
[Source "John Saunders"]
[SourceDate "2025.08.11"]
[SourceVersion "1"]
[SourceVersionDate "2025.08.11"]
[SourceQuality "1"]

1. Nf3 Nf6 2. c4 b6 3. d4 e6 4. g3 Ba6 5. Qc2 Bb7 6. Bg2 c5 7. e3 cxd4 8. exd4 d5 9. O-O dxc4 10. Qxc4 Ba6 11. Qa4+ Qd7 12. Qxd7+ Nbxd7 13. Re1 Bb4 14. Nc3 Rc8 15. Bd2 O-O 16. Rac1 Rfd8 17. a3 Bxc3 18. Rxc3 Rxc3 19. Bxc3 Bb7 20. Ne5 Bxg2 21. Kxg2 Nd5 22. Nc6 Ra8 23. Rc1 a6 24. Nb4 N7f6 25. Nxd5 Nxd5 26. Bd2 Kf8 27. Rc6 Ke7 28. b4 Kd7 29. Rc2 Rc8 30. Rxc8 Kxc8 31. a4 Kd7 32. Kf3 Kc6 33. Ke4 Nf6+ 34. Kd3 b5 35. a5 Ng4 36. f3 Nxh2 37. Ke2 Kd5 38. Kf2 Kxd4 39. Kg2 Kd3 40. Bf4 Ke2 41. Kxh2 Kxf3 42. Bd6 f5 43. Kh3 g5 44. Be5 f4 45. gxf4 gxf4 46. Kh4 Ke3 47. Bd6 f3 48. Bc5+ Ke2 49. Kg3 h5 50. Kh4 f2 51. Bxf2 Kxf2 52. Kxh5 e5 53. Kg4 e4 0-1

[Event "GBR-ch111 Major Open"]
[Site "Liverpool"]
[Date "2025.08.10"]
[Round "9.43"]
[White "Sahoo, Shivam"]
[Black "Collins, Jonathan L"]
[Result "1/2-1/2"]
[WhiteElo "1791"]
[BlackElo "1868"]
[PlyCount "202"]
[EventDate "2025.08.02"]
[EventType "swiss"]
[EventRounds "9"]
[EventCountry "GBR"]
[SourceTitle "BritBase"]
[Source "John Saunders"]
[SourceDate "2025.08.11"]
[SourceVersion "1"]
[SourceVersionDate "2025.08.11"]
[SourceQuality "1"]

1. d4 Nf6 2. c4 Nc6 3. Nc3 e5 4. d5 Ne7 5. e4 Ng6 6. h4 h5 7. Bg5 Bc5 8. Be2 c6 9. Qc2 d6 10. f3 Qb6 11. Nh3 Bxh3 12. Rxh3 Bf2+ 13. Kf1 Bd4 14. g3 Nh7 15. Bd2 Nf6 16. Na4 Qc7 17. Rc1 Qd7 18. Kg2 O-O 19. Rhh1 Rac8 20. Qb3 c5 21. Qa3 Kh7 22. b4 b6 23. b5 Rh8 24. Nc3 Rcf8 25. Nd1 Ne8 26. Bd3 Kg8 27. Nf2 Nf6 28. Nh3 Ra8 29. Qb3 a6 30. a4 axb5 31. axb5 Qa7 32. Bc3 Qa2+ 33. Bc2 Qxb3 34. Bxb3 Kf8 35. Ra1 Ke7 36. Bxd4 cxd4 37. Nf2 Rhc8 38. Nd3 Kd8 39. Nb4 Kc7 40. Nc6 Nd7 41. Rhd1 Nc5 42. Bc2 Re8 43. Kf1 Kd7 44. Ke2 Rf8 45. Rdb1 f6 46. Kd2 Ne7 47. Nb4 g6 48. Rf1 f5 49. Nd3 Nb7 50. Nb4 Na5 51. Kd3 Nb7 52. Kd2 Kc7 53. Na6+ Kd8 54. Ke2 Na5 55. Bd3 Kd7 56. Nb4 Nb3 57. Rab1 Nc5 58. Ra1 Na4 59. Kd2 Nc5 60. Kc2 fxe4 61. Bxe4 Nf5 62. Bxf5+ gxf5 63. Nd3 Rg8 64. Nxc5+ dxc5 65. Rxa8 Rxa8 66. g4 Ra2+ 67. Kb3 Rh2 68. gxh5 Rxh4 69. Rg1 Rxh5 70. Rg7+ Kd8 71. Rg6 Rh3 72. Rxb6 Rxf3+ 73. Kb2 Rf2+ 74. Kb3 d3 75. Rd6+ Kc7 76. Rc6+ Kb7 77. d6 d2 78. Kc2 Rf4 79. Rxc5 Rd4 80. Kd1 Rxd6 81. Rxe5 Rf6 82. Kxd2 Kb6 83. Ke3 f4+ 84. Kf3 Ka5 85. Re4 Kb4 86. Rxf4 Rd6 87. Kg4 Rd8 88. Kf5 Re8 89. Re4 Rh8 90. Ke6 Kc5 91. Kd7 Rh7+ 92. Re7 Rh6 93. Kc7 Rg6 94. b6 Rc6+ 95. Kb7 Rxb6+ 96. Ka7 Rc6 97. Kb7 Rb6+ 98. Ka7 Rc6 99. Re4 Rd6 100. Kb7 Rd4 101. Rxd4 Kxd4 1/2-1/2

[Event "GBR-ch111 Major Open"]
[Site "Liverpool"]
[Date "2025.08.10"]
[Round "9.45"]
[White "Swiatkowski, Dominik"]
[Black "Whittington, Reece W"]
[Result "1-0"]
[WhiteElo "1843"]
[BlackElo "1778"]
[PlyCount "63"]
[EventDate "2025.08.02"]
[EventType "swiss"]
[EventRounds "9"]
[EventCountry "GBR"]
[SourceTitle "BritBase"]
[Source "John Saunders"]
[SourceDate "2025.08.11"]
[SourceVersion "1"]
[SourceVersionDate "2025.08.11"]
[SourceQuality "1"]

1. e4 e6 2. d3 d5 3. Nd2 dxe4 4. dxe4 Nc6 5. Ngf3 Bc5 6. Bb5 Bd7 7. O-O a6 8. Ba4 Qe7 9. c3 O-O-O 10. b4 Ba7 11. Bc2 g5 12. a4 g4 13. Ne1 h5 14. b5 Ne5 15. bxa6 h4 16. axb7+ Kb8 17. Ba3 Qf6 18. c4 g3 19. c5 gxh2+ 20. Kh1 Bc6 21. Qe2 h3 22. g3 Rxd2 23. Qxd2 Nf3 24. Qd1 Nxe1 25. Rxe1 Qxf2 26. Qd8+ Kxb7 27. Reb1+ Bb6 28. Rxb6+ cxb6 29. Qxb6+ Kc8 30. Qxc6+ Kd8 31. Rd1+ Ke7 32. Qd6+ 1-0

[Event "GBR-ch111 Major Open"]
[Site "Liverpool"]
[Date "2025.08.10"]
[Round "9.47"]
[White "Ranasinghe, Chaniru"]
[Black "Ellson, Louie"]
[Result "1-0"]
[WhiteElo "1642"]
[BlackElo "1807"]
[PlyCount "107"]
[EventDate "2025.08.02"]
[EventType "swiss"]
[EventRounds "9"]
[EventCountry "GBR"]
[SourceTitle "BritBase"]
[Source "John Saunders"]
[SourceDate "2025.08.11"]
[SourceVersion "1"]
[SourceVersionDate "2025.08.11"]
[SourceQuality "1"]

1. d4 Nf6 2. Bf4 d5 3. e3 e6 4. Nf3 c5 5. Nbd2 Nc6 6. c3 Be7 7. Ne5 O-O 8. Bd3 Nxe5 9. dxe5 Nd7 10. h4 f5 11. g4 c4 12. Bc2 Nc5 13. gxf5 exf5 14. Nf3 Be6 15. Nd4 Qd7 16. Qh5 Qe8 17. Qxe8 Raxe8 18. Ke2 Kh8 19. Rad1 Rd8 20. Bg5 Bxg5 21. hxg5 g6 22. f4 Bd7 23. Rh6 Kg7 24. b4 Ne6 25. Nf3 Bc6 26. Rdh1 Rh8 27. R1h2 Rdf8 28. Nh4 Nc7 29. a4 Bd7 30. b5 a6 31. b6 Ne6 32. Rh1 a5 33. Rd1 Nc5 34. Rxd5 Bxa4 35. Rxc5 Bxc2 36. Rc7+ Rf7 37. Rxc4 Rd8 38. Rd4 Ra8 39. Nf3 a4 40. Rh1 a3 41. Ra1 Bb3 42. Nd2 Be6 43. Nc4 a2 44. Nd6 Rd7 45. Rb4 Kf8 46. Kd3 Ke7 47. c4 Rxd6+ 48. exd6+ Kxd6 49. Kd4 Kc6 50. Rb2 Ra4 51. Re2 Rb4 52. Raxa2 Rxb6 53. Reb2 Rxb2 54. Rxb2 1-0

[Event "GBR-ch111 Major Open"]
[Site "Liverpool"]
[Date "2025.08.10"]
[Round "9.48"]
[White "Walker, Elmira"]
[Black "Wainwright, Charlie"]
[Result "1-0"]
[WhiteElo "1813"]
[BlackElo "1743"]
[PlyCount "43"]
[EventDate "2025.08.02"]
[EventType "swiss"]
[EventRounds "9"]
[EventCountry "GBR"]
[SourceTitle "BritBase"]
[Source "John Saunders"]
[SourceDate "2025.08.11"]
[SourceVersion "1"]
[SourceVersionDate "2025.08.11"]
[SourceQuality "1"]

1. e4 e5 2. Nf3 Nf6 3. d4 Nxe4 4. Bd3 d5 5. Nxe5 Bf5 6. O-O f6 7. Nf3 Bg4 8. c4 c6 9. Nc3 f5 10. h3 Bh5 11. cxd5 cxd5 12. Qb3 Nxc3 13. bxc3 Bxf3 14. Qxb7 Bd6 15. Re1+ Be4 16. f3 Qh4 17. Bb5+ Kf8 18. Ba3 Bxa3 19. fxe4 dxe4 20. Bc4 Qe7 21. Qc8+ Qe8 22. Qxf5+ 1-0

[Event "GBR-ch111 Major Open"]
[Site "Liverpool"]
[Date "2025.08.10"]
[Round "9.50"]
[White "Chantrell, Paul"]
[Black "Cann, Arthur"]
[Result "1/2-1/2"]
[WhiteElo "1768"]
[BlackElo "1677"]
[PlyCount "44"]
[EventDate "2025.08.02"]
[EventType "swiss"]
[EventRounds "9"]
[EventCountry "GBR"]
[SourceTitle "BritBase"]
[Source "John Saunders"]
[SourceDate "2025.08.11"]
[SourceVersion "1"]
[SourceVersionDate "2025.08.11"]
[SourceQuality "1"]

1. e4 c6 2. Nc3 d5 3. Nf3 dxe4 4. Nxe4 Nf6 5. Qe2 Nxe4 6. Qxe4 Nd7 7. Bc4 Nf6 8. Ne5 e6 9. Qe2 Bd6 10. d4 Qc7 11. O-O b5 12. Bb3 Bb7 13. Bg5 a6 14. Rfe1 Nd5 15. Bxd5 cxd5 16. Bh4 Bxe5 17. Qxe5 Qxe5 18. Rxe5 Rc8 19. c3 O-O 20. Rae1 Rc7 21. a3 a5 22. f4 Bc8 1/2-1/2

[Event "GBR-ch111 Major Open"]
[Site "Liverpool"]
[Date "2025.08.10"]
[Round "9.51"]
[White "Saxena, Samidh"]
[Black "Perkins, Chris"]
[Result "0-1"]
[WhiteElo "1445"]
[BlackElo "1747"]
[PlyCount "78"]
[EventDate "2025.08.02"]
[EventType "swiss"]
[EventRounds "9"]
[EventCountry "GBR"]
[SourceTitle "BritBase"]
[Source "John Saunders"]
[SourceDate "2025.08.11"]
[SourceVersion "1"]
[SourceVersionDate "2025.08.11"]
[SourceQuality "1"]

1. e4 c5 2. c3 Nf6 3. e5 Nd5 4. d4 cxd4 5. cxd4 d6 6. Nf3 Nc6 7. Bc4 Nb6 8. Bb5 a6 9. Bxc6+ bxc6 10. h3 Bf5 11. Nc3 d5 12. b3 e6 13. O-O c5 14. Be3 cxd4 15. Nxd4 Bg6 16. Rc1 Ba3 17. Nc6 Qc7 18. Bxb6 Qxc6 19. Nxd5 Qxd5 20. Qxd5 exd5 21. Rc6 O-O 22. Rd1 Bf5 23. Bc5 Bxc5 24. Rxc5 Be6 25. Rd4 f6 26. exf6 Rxf6 27. Ra5 Bf7 28. b4 Rb6 29. a4 Rbb8 30. Kf1 Kf8 31. Ke2 Ke7 32. Ke3 Be6 33. Rc5 Kd6 34. Kf4 Rxb4 35. Rxb4 Kxc5 36. Rb7 Rf8+ 37. Ke5 Re8 38. Rxg7 Bd7+ 39. Kf4 Bxa4 0-1

[Event "GBR-ch111 Major Open"]
[Site "Liverpool"]
[Date "2025.08.10"]
[Round "9.52"]
[White "Boganadham, Ved Sudeep"]
[Black "Vaidyanathan, Sathya"]
[Result "1/2-1/2"]
[WhiteElo "1731"]
[BlackElo "1915"]
[PlyCount "75"]
[EventDate "2025.08.02"]
[EventType "swiss"]
[EventRounds "9"]
[EventCountry "GBR"]
[SourceTitle "BritBase"]
[Source "John Saunders"]
[SourceDate "2025.08.11"]
[SourceVersion "1"]
[SourceVersionDate "2025.08.11"]
[SourceQuality "1"]

1. e4 e5 2. Nf3 Nc6 3. Bc4 Nf6 4. d4 exd4 5. e5 d5 6. Bb5 Nd7 7. O-O Be7 8. Bxc6 bxc6 9. Nxd4 Nb8 10. f4 Bc5 11. Be3 Qh4 12. Nc3 Bg4 13. Qd2 Bb6 14. Nb3 a5 15. Rae1 Na6 16. f5 g6 17. Bxb6 cxb6 18. e6 Bxf5 19. exf7+ Kxf7 20. Rf4 Qg5 21. h4 Qd8 22. g4 Qxh4 23. gxf5 Qg3+ 24. Kh1 g5 25. Rf2 Rae8 26. Nd4 Qh4+ 27. Kg2 Qg4+ 28. Kf1 Qh3+ 29. Rg2 Qh1+ 30. Rg1 Rxe1+ 31. Qxe1 Qh3+ 32. Rg2 Qh1+ 33. Rg1 Qh3+ 34. Kf2 Re8 35. Qd2 Qh2+ 36. Rg2 Qh4+ 37. Kf3 Qh3+ 38. Rg3 1/2-1/2

[Event "GBR-ch111 Major Open"]
[Site "Liverpool"]
[Date "2025.08.10"]
[Round "9.53"]
[White "Coe, Laurence"]
[Black "Railwani, Tavish"]
[Result "0-1"]
[WhiteElo "1833"]
[BlackElo "1714"]
[PlyCount "100"]
[EventDate "2025.08.02"]
[EventType "swiss"]
[EventRounds "9"]
[EventCountry "GBR"]
[SourceTitle "BritBase"]
[Source "John Saunders"]
[SourceDate "2025.08.11"]
[SourceVersion "1"]
[SourceVersionDate "2025.08.11"]
[SourceQuality "1"]

1. Nf3 Nf6 2. b3 e6 3. Bb2 d5 4. e3 Nbd7 5. Be2 Bd6 6. d3 c6 7. Nbd2 e5 8. c4 O-O 9. c5 Bc7 10. b4 e4 11. dxe4 dxe4 12. Ng5 Qe7 13. Qc2 Be5 14. Rd1 Nd5 15. Bxe5 Nxe5 16. f4 Nd3+ 17. Bxd3 Nxe3 18. Qc3 exd3 19. Qxd3 Nxd1+ 20. Kxd1 Bg4+ 21. Kc1 g6 22. h3 Bf5 23. Qc3 f6 24. Ngf3 Qd7 25. Nc4 Qd3 26. Qxd3 Bxd3 27. Nd6 Be2 28. Nd4 Bb5 29. Ne6 Rf7 30. Nxf7 Kxf7 31. Nd4 Bc4 32. a3 Re8 33. Kd2 Re4 34. Kc3 Bd5 35. f5 Re3+ 36. Kd2 Rxa3 37. fxg6+ hxg6 38. Nc2 Rg3 39. Ne3 f5 40. Rf1 Bxg2 41. Rg1 f4 42. Nxg2 f3 43. Ke1 b6 44. cxb6 axb6 45. Kf2 Rxg2+ 46. Rxg2 fxg2 47. Kxg2 c5 48. b5 Kf6 49. Kf3 Ke5 50. Ke3 Kd5 0-1

[Event "GBR-ch111 Major Open"]
[Site "Liverpool"]
[Date "2025.08.10"]
[Round "9.54"]
[White "Korsinskij, Nikolas"]
[Black "Eldridge, Albert"]
[Result "1-0"]
[WhiteElo "1674"]
[BlackElo "1792"]
[PlyCount "71"]
[EventDate "2025.08.02"]
[EventType "swiss"]
[EventRounds "9"]
[EventCountry "GBR"]
[SourceTitle "BritBase"]
[Source "John Saunders"]
[SourceDate "2025.08.11"]
[SourceVersion "1"]
[SourceVersionDate "2025.08.11"]
[SourceQuality "1"]

1. e4 c5 2. Nf3 d6 3. d4 cxd4 4. Nxd4 Nf6 5. Nc3 Nc6 6. f3 e5 7. Nb3 Be6 8. Bg5 Be7 9. Bxf6 gxf6 10. Nd5 f5 11. c3 Qd7 12. Qd2 fxe4 13. fxe4 O-O-O 14. Bb5 Rhg8 15. Na5 Bg5 16. Qd3 Kb8 17. h4 Bxd5 18. exd5 Qg4 19. dxc6 Qxg2 20. Rf1 Bf4 21. Rxf4 exf4 22. O-O-O d5 23. cxb7 Rd6 24. Bc6 Qg6 25. Bxd5 Qxd3 26. Rxd3 Rg1+ 27. Kd2 Rb1 28. Nc4 Rd7 29. Ne5 Rxb2+ 30. Kc1 Rdxb7 31. Bxb7 Rxb7 32. Rd8+ Kc7 33. Rd7+ Kc8 34. Rxb7 Kxb7 35. Nxf7 f3 36. Kd2 1-0

[Event "GBR-ch111 Major Open"]
[Site "Liverpool"]
[Date "2025.08.10"]
[Round "9.55"]
[White "Byrne, Colin J"]
[Black "Storey, Cameron"]
[Result "0-1"]
[WhiteElo "1716"]
[BlackElo "1774"]
[PlyCount "54"]
[EventDate "2025.08.02"]
[EventType "swiss"]
[EventRounds "9"]
[EventCountry "GBR"]
[SourceTitle "BritBase"]
[Source "John Saunders"]
[SourceDate "2025.08.11"]
[SourceVersion "1"]
[SourceVersionDate "2025.08.11"]
[SourceQuality "1"]

1. c4 g6 2. g3 Bg7 3. Bg2 d6 4. Nf3 Bd7 5. Nc3 Qc8 6. O-O Nc6 7. d4 Bh3 8. d5 Ne5 9. e4 h5 10. Ng5 Bxg2 11. Kxg2 Qd7 12. Qe2 h4 13. f4 hxg3 14. fxe5 Rxh2+ 15. Kxg3 Bxe5+ 16. Bf4 Bxf4+ 17. Rxf4 Rxe2 18. Nxe2 Nf6 19. Rh4 O-O-O 20. Nxf7 Rg8 21. Ng5 Qa4 22. b3 Qa5 23. Rah1 Qd2 24. Nf4 Nh5+ 25. Nxh5 gxh5 26. Rxh5 Rxg5+ 27. Rxg5 Qxg5+ 0-1

[Event "GBR-ch111 Major Open"]
[Site "Liverpool"]
[Date "2025.08.10"]
[Round "9.56"]
[White "Taylor, Matthew"]
[Black "Raj Konwar, Daryan"]
[Result "1-0"]
[WhiteElo "1762"]
[BlackElo "1572"]
[PlyCount "81"]
[EventDate "2025.08.02"]
[EventType "swiss"]
[EventRounds "9"]
[EventCountry "GBR"]
[SourceTitle "BritBase"]
[Source "John Saunders"]
[SourceDate "2025.08.11"]
[SourceVersion "1"]
[SourceVersionDate "2025.08.11"]
[SourceQuality "1"]

1. c4 Nf6 2. Nc3 c5 3. g3 g6 4. Bg2 Nc6 5. e4 d6 6. Nge2 Bg7 7. d3 Bg4 8. h3 Bd7 9. O-O O-O 10. Be3 Qc8 11. Kh2 Ne5 12. f4 Neg4+ 13. hxg4 Nxg4+ 14. Kg1 Nxe3 15. Qd2 Nxg2 16. Kxg2 Bh3+ 17. Kf2 Bxf1 18. Rxf1 e5 19. Rh1 h5 20. Nd5 Qd7 21. b3 f6 22. Kg2 Bh6 23. Qb2 Kg7 24. Rf1 g5 25. f5 g4 26. Nec3 Rab8 27. Nb5 b6 28. Nbc7 Kf7 29. Rh1 Rh8 30. a4 Rbc8 31. Ne6 Qb7 32. Qc3 a5 33. Qc2 Bg7 34. Qe2 Rcg8 35. Qe1 Bh6 36. Rh2 Rh7 37. Qh1 Rgh8 38. Rxh5 Qb8 39. Qh4 Qe8 40. Qxf6+ Kg8 41. Rxh6 1-0